| 000 | 00000nas 2200000za 4500 |
| 001 | 9.507929 |
| 003 | CaOODSP |
| 005 | 20250620080815 |
| 007 | cr ||||||||||| |
| 008 | 150406c20109999qucar p oss f0 a0eng|d |
| 040 | |aCaOODSP|beng |
| 043 | |an-cn--- |
| 086 | 1 |aBC9-18E-PDF |
| 245 | 00|aConventional television |h[electronic resource] : |bstatistical and financial summaries. |
| 260 | |a[Gatineau, Quebec] : |bCanadian Radio-television and Telecommunications Commission, |c[2011]- |
| 310 | |aAnnual |
| 362 | 1 |aBegan with 2006/2010. |
| 500 | |aIssued also in French under title : Télévision conventionnelle, relevés statistiques et financiers. |
| 500 | |aIssues for 2006/2010-2007/2011 published by Industry and Market Analysis, Policy Development and Research Sector; 2008/2012 by Consumer Affairs and Strategic Policy. |
| 692 | 07|2gccst|aTelevision |
| 710 | 1 |aCanada. |bCanadian Radio-television and Telecommunications Commission. |bPolicy Development and Research Sector. |
| 710 | 1 |aCanada.|bCanadian Radio-television and Telecommunications Commission.|bConsumer Affairs and Strategic Policy. |
| 775 | 08|tTélévision traditionnelle : |w(CaOODSP)9.504307 |
| 775 | 08|tTélévision conventionnelle : |w(CaOODSP)9.877504 |